Statistiques concernant Maisons noble dans Game of Thrones (ASOIAF) : Le Val d'Arryn

Cliquez ici pour prendre le quiz!

Statistiques générales

  • Ce quiz a été pris 7 fois
  • Le résultat moyen est 5 sur 94

Statistiques - réponses

HintRéponse% Correct
Maison suzeraineArryn
71%
Maisons vassalesRoyce
71%
Maison suzeraineLes Eyrie
57%
Maisons vassalesBaelish
29%
Maisons vassalesCorbray
29%
Maisons vassalesRoche-aux-runes
29%
Maisons vassalesRougefort
29%
Maisons vassalesRougefort
29%
Branches cadettesArryn de Goëville
14%
Maison suzeraineAs High As Honor / Aussi haute qu'Honneur
14%
Maisons de statut inconnuEgen
14%
Maisons vassalesLes doigts
14%
Maisons vassales des trois sœursLonguesœur
14%
Maisons vassales des trois sœursPetitesœur
14%
Maisons vassales des trois sœursSortonne / Dolcesoeur
14%
Maisons vassalesUn château rouge sur champ blanc, une bordure rouge crénelée
14%
Maison suzeraineUn faucon bleu ciel volant devant une lune blanche, sur champ bleu ciel
14%
Maisons vassalesAs Strong as Stone / Solides comme le roc
0%
Maisons vassalesBelmore
0%
Maisons vassales des trois sœursBorrel
0%
Maisons vassales des trois sœursBrisants / Dolcesoeur
0%
Maisons de statut inconnuBy Day or Night / De jour comme de nuit
0%
Maisons vassalesChênes-en-fer
0%
Maisons de statut inconnuCinq étoiles-de-mer noires sur un pal d'or sur Péan
0%
Maisons vassalesCinq flèches d'argent, rouant sur champ marron
0%
Maisons de chevaliersCirley
0%
Maisons éteintesClairpierre
0%
Maisons de chevaliersCombemèche
0%
Maisons éteintesConque
0%
Maisons de chevaliersCoquebosc
0%
Maisons vassalesCordial
0%
Maisons de statut inconnuCrayne
0%
Maisons de statut inconnuDescarpes
0%
Maisons de statut inconnuDonniger
0%
Maisons de statut inconnuDutton
0%
Maisons vassalesElesham
0%
Maisons vassalesForchant
0%
Maisons vassalesFroideseaux
0%
Maisons de statut inconnuGalet
0%
Branches cadettesGoëville
0%
Maisons vassalesGoëville
0%
Maisons vassalesGrafton
0%
Maisons vassalesGrey Glen
0%
Maisons vassalesGuivrebois
0%
Maisons de chevaliersGull Tower
0%
Maisons de chevaliersHardyng
0%
Maisons vassalesLa Brûlée-Froideseaux
0%
Maisons de chevaliersLes Piz
0%
Maisons vassalesLes Piz
0%
Maisons de chevaliersLight in darkness / La lumière dans les ténèbres
0%
Maisons de statut inconnuL'île de la Sorcière
0%
Maisons vassalesLongarc
0%
Maisons vassales des trois sœursLonhameau
0%
Maisons de chevaliersLosangé de blanc et de rouge
0%
Maisons vassalesLynderly
0%
Maisons de statut inconnuMontmarri
0%
Maisons de statut inconnuMoore
0%
Maisons de chevaliersNeufétoiles
0%
Maisons de chevaliersNeuf étoiles, l'une à sept branches et le reste à six, sur un sautoir d'or sur champ noir
0%
Maisons de chevaliersNeuf mouettes blanches sur champ marron
0%
Maisons vassalesPilé de gris et de noir
0%
Branches cadettesPortes de la Lune
0%
Maisons de statut inconnuPryor
0%
Maisons de statut inconnuRompierre
0%
Branches cadettesRoyce des Portes de la Lune
0%
Maisons de chevaliersShett
0%
Maisons vassalesSix cloches d'argent, 3-2-1, sur champ violet
0%
Maisons de statut inconnuSoleil d'or, lune blanche et étoile d'argent sur un chef bleu chargeant un champ blanc.
0%
Maisons vassales des trois sœursSunderland
0%
Maisons vassalesTallett
0%
Maisons de chevaliersTempleton
0%
Maisons vassales des trois sœursTorrent
0%
Maisons de chevaliersTrois bougies, blanches à flammes rouges, sur des bougeoirs d'argent sur champ gris bordé de noir
0%
Maisons vassalesTrois corbeaux noirs en vol, tenant trois cœurs rouges, sur champ blanc
0%
Maisons vassales des trois sœurstrois têtes de femmes,blanches aux cheveux noirs, sur champ ondé de bleu et de vert
0%
Maisons de statut inconnuTrois têtes de lance bronze sur champ blanc, une bordure crénelée de bronze
0%
Maisons vassalesUn champ noir semé de serpents verts rampants
0%
Maisons vassales des trois sœursUne araignée de mer blanche sur champ gris-vert
0%
Maisons de statut inconnuUne éclipse partielle, lune noir au-dessus de soleil jaune, sur champ rose-sale
0%
Maisons vassalesUne étoile noire entre deux pointes de pierre sur champ rose
0%
Branches cadettesUne herse noire devant un croissant de lune blanc sur champ violet, bordé de runes sur champ bronze.
0%
Maisons de statut inconnuUne masse rouge
0%
Maisons vassalesUne roue brisée noire sur champ vert
0%
Maisons vassalesUne tour jaune enflammée sur une pile noire, sur champ rouge flamme
0%
Maisons de statut inconnuUne vague à crête, vert-océan sur champ noir
0%
Branches cadettesUn faucon doré volant devant une lune blanche, sur champ bleu ciel
0%
Maisons vassalesUn pairle bleu à bordures blanches sur champ rouge
0%
Maisons vassalesUn semis de moqueurs gris sur champ vert
0%
Maisons vassalesUn semis de vis de fer noir sur champ bronze bordé de runes
0%
Maisons de statut inconnuUn soleil rouge sortant d'une mer gris-vert dans un ciel jaune
0%
Maisons vassalesVanbois
0%
Maisons vassalesVeneur
0%
Maisons vassalesWe Remember / Nous nous souvenons
0%
Maisons vassalesWhen All is Darkest / Quand tout est au plus sombre
0%

Distribution des résultats

Percentile par nombre de réponses

% des personnes avec chaque résultat

Votre développement - résultats

Vous n’avez pas pris ce quiz